Priame zahraničné investície na Slovensku so zameraním na bankovú sféru

Salvato in:
Dettagli Bibliografici
Autore principale: Hošková, Adela
Altri autori: Vágnerová, Soňa
Natura: Libro
Lingua:slovacco
Pubblicazione: Bratislava Inštitút menových a finančných štúdií NBS 1998
Soggetti:
Tags: Aggiungi Tag
Nessun Tag, puoi essere il primo ad aggiungerne!!

MARC

LEADER 00000nam a2200000 4500
001 c103086
005 20221109094200.2
041 0 |a slo 
044 |a SK 
245 1 0 |a Priame zahraničné investície na Slovensku so zameraním na bankovú sféru  |c Adela Hošková, Soňa Vágnerová 
264 1 |a Bratislava  |b Inštitút menových a finančných štúdií NBS  |c 1998 
300 |a 43 s. 
610 2 0 |a investície priame zahraničné 
610 2 0 |a bankovníctvo 
610 2 0 |a operácie bankové 
610 2 0 |a banky zahraničné 
610 2 0 |a banky investičné 
610 2 0 |a bilancia obchodná 
610 2 0 |a bilancia platobná 
610 2 0 |a dovoz 
610 2 0 |a vývoz 
610 2 0 |a Slovensko 
610 2 0 |a NBS Bratislava 
100 1 |a Hošková, Adela 
700 1 |a Vágnerová, Soňa